00306pab a2200121 454500008004000000100002200040245006400062260000900126300000800135362001200143650001100155773001800166180718b1991 xxu||||| |||| 00| 0 eng d aKrishnamurthy, V. aLabour - management partnerships for global competitiveness c1991 a5,8 a15 Apr. aLabour aIndian Worker